Normal view
MARC view
Entry Personal Name
001 - CONTROL NUMBER
- control field: 11761
003 - CONTROL NUMBER IDENTIFIER
- control field: BD-RjUL
005 - DATE AND TIME OF LATEST TRANSACTION
- control field: 20240213153157.0
008 - FIXED-LENGTH DATA ELEMENTS
- fixed length control field: 240213|| aca||aabn | a|a d
040 ## - CATALOGING SOURCE
- Original cataloging agency: BD-RjUL
- Transcribing agency: BD-RjUL
100 ## - HEADING--PERSONAL NAME
- Personal name: Daghi, Mirza Jaafar Qarajah ;;; داغي, مرزا جعفر قراجہ
670 ## - SOURCE DATA FOUND
- Source citation: Work cat.: (BD-RjUL)83091: بلگرامی, سید اولاد حسین شاداں ;; Belgrami, Seyyed Awlad Hossein Shadad 11760, وکلای مرافعہ ;; Wakalaay marafiah / , 1945